<?xml version="1.0" encoding="UTF-8"?>
<marc:record xmlns:marc="http://www.loc.gov/MARC21/slim">
   <marc:leader>00000nam a2200000 a 4500</marc:leader>
   <marc:datafield ind1=" " ind2=" " tag="653">
      <marc:subfield code="a">DVD-Video</marc:subfield>
   </marc:datafield>
   <marc:datafield ind1=" " ind2=" " tag="653">
      <marc:subfield code="a">Adventure: Action- und Katastrophenfilm, Kriegs- und Antikriegsfilm, Mafia, Abenteuerfilm, Road Movie, Asiatischer Kampffilm (Spielfilme auf DVD)</marc:subfield>
   </marc:datafield>
   <marc:datafield ind1="0" ind2="0" tag="245">
      <marc:subfield code="a">Avengers Age of Ultron. Teil 2</marc:subfield>
   </marc:datafield>
   <marc:datafield ind1=" " ind2="1" tag="264">
      <marc:subfield code="b">Marvel</marc:subfield>
      <marc:subfield code="c">2015</marc:subfield>
   </marc:datafield>
   <marc:datafield ind1="1" ind2=" " tag="490">
      <marc:subfield code="a">Marvel´s Avenger</marc:subfield>
   </marc:datafield>
   <marc:datafield ind1="1" ind2=" " tag="520">
      <marc:subfield code="a">Darsteller: Robert Downey Jr., Chris Hemsworth, Mark Ruffalo, Chris Evans, Scarlett Johansson, Jeremy Renner, James Spader, Samuel L. Jackson
Komponist: Danny Elfman
Es ist einige Zeit vergangen, seit die Avengers New York gegen den Angriff einer außerirdischen Armee verteidigt haben. Jeder ist seitdem seinen eigenen Weg gegangen und manch einer hatte sein ganz persönliches Abenteuer zu bestehen. Als Milliardär Tony Stark ein stillgelegtes Friedensprogramm reaktiviert, gerät die Situation plötzlich außer Kontrolle und das Schicksal der Erde steht auf dem Spiel. Gemeinsam müssen sich die Avengers Iron Man, Thor, Hulk, Captain America, Black Widow und Hawkeye gegen den scheinbar übermächtigen Ultron stellen, der wild entschlossen ist, die gesamte Menschheit auszulöschen. Um seine Pläne zu vereiteln, müssen die Avengers unberechenbare Allianzen eingehen und in eine Schlacht von globalen Ausmaßen ziehe</marc:subfield>
   </marc:datafield>
   <marc:datafield ind1="3" ind2=" " tag="024">
      <marc:subfield code="a">8717418462116</marc:subfield>
   </marc:datafield>
</marc:record>
